| 000 | 01363nam a22002177a 4500 | ||
|---|---|---|---|
| 999 |
_c59388 _d59388 |
||
| 003 | Ge_BSU | ||
| 005 | 20230208111913.0 | ||
| 008 | 230208s2000 ge ||||| |||| 00| 0 geo d | ||
| 020 | _a9992821256 | ||
| 041 | _ageo | ||
| 080 | _a341.9 ც-53 | ||
| 100 |
_aცვაიგერტი, კონრად _916864 |
||
| 245 |
_aშედარებითი სამართალმცოდნეობის შესავალი კერძო სამართლის სფეროში : _bტ. 1, საფუძვლები / _cკონრად ცვაიგერტი, ჰაინ კოტცი ; მეცნ. რედ. და ბოლოთქმა თევდორე ნინიძის ; თარგმ. ეკატერინე სუმბათაშვილის. |
||
| 264 |
_aთბილისი : _bჯისიაი, _c2000. |
||
| 300 |
_a339 გვ.; _b28 სმ. |
||
| 500 | _a პარალ. თავფ. გერმ. ენ. | ||
| 700 |
_aკოტცი, ჰაინ _eავტორი _916865 |
||
| 700 |
_aნინიძე, თევდორე _eრედაქტორი, ბოლოსიტყვაობის ავტორი. _92902 |
||
| 700 |
_aსუმბათაშვილი, ეკატერინე _eმთარგმნელი _9260 |
||
| 942 |
_2udc _cBK |
||